New frontiers in public library research

An anthology of edited papers on current public library research activities, providing an overview of major issues, problem areas and current fields of investigation.

Sparad:
Bibliografiska uppgifter
Materialtyp: Bok
Språk:Undetermined
Publicerad: Lanham, Maryland Scarecrow Press 2005
Ämnen:
Taggar: Lägg till en tagg
Inga taggar, Lägg till första taggen!
Thư viện lưu trữ: Trung tâm Học liệu Trường Đại học Cần Thơ
LEADER 00781nam a2200205Ia 4500
001 CTU_102878
008 210402s9999 xx 000 0 und d
082 |a 027.4478 
082 |b N532 
245 0 |a New frontiers in public library research 
245 0 |c Edited by Carl Gustav Johannsen, Leif Kajberg 
260 |a Lanham, Maryland 
260 |b Scarecrow Press 
260 |c 2005 
520 |a An anthology of edited papers on current public library research activities, providing an overview of major issues, problem areas and current fields of investigation. 
650 |a Public libraries,Library science 
650 |x Research,Congress,Research,Congress 
650 |z Scandinavia,Scandinavia 
904 |i Minh 
980 |a Trung tâm Học liệu Trường Đại học Cần Thơ